[Event "Paulista-chT Interclubes 17th"]
[Site "Sao Paulo"]
[Date "2006.02.??"]
[Round "5"]
[White "Fier, Alexandr"]
[Black "Da Silva, Alessandro Rodrigue"]
[Result "1-0"]
[WhiteElo "2454"]
[BlackElo "2260"]
[PlyCount "57"]
[EventDate "2006.02.11"]
[EventType "team-tourn"]
[EventRounds "7"]
[EventCountry "BRA"]
[SourceTitle "EXT 2022"]
[Source "ChessBase"]
[SourceDate "2021.10.06"]
[SourceVersion "1"]
[SourceVersionDate "2021.10.06"]
[SourceQuality "1"]
[WhiteTeam "Paulistano CA"]
[BlackTeam "Sociedade Hebraica"]
[WhiteTeamCountry "BRA"]
[BlackTeamCountry "BRA"]

1. e4 e5 2. f4 Nc6 3. Nf3 exf4 4. d4 d5 5. exd5 Qxd5 6. Nc3 Bb4 7. Be2 Bg4 8. 0-0 Bxc3 9. bxc3 Nf6 10. Bxf4 0-0 11. Bd3 Qa5 12. Qe1 Qh5 13. Qg3 h6 14. Ne5 Nxe5 15. Bxe5 Ne8 16. Rab1 Be6 17. Rxb7 Qg5 18. Qf3 Rd8 19. Rb5 Qg4 20. Qf2 c6 21. Rc5 Rd5 22. Rxc6 Bd7 23. Rg6 Qh5 24. Rg3 Rxe5 25. dxe5 Qxe5 26. Qxa7 Bc6 27. Qd4 Qe7 28. a4 f6 29. Qc4+ 1-0

[Event "Paulista-chT Interclubes 17th"]
[Site "Sao Paulo"]
[Date "2006.02.??"]
[Round "3"]
[White "Zampronha, Wladimir Camilo"]
[Black "Da Silva, Alessandro Rodrigue"]
[Result "1/2-1/2"]
[WhiteElo "2198"]
[BlackElo "2260"]
[PlyCount "144"]
[EventDate "2006.02.11"]
[EventType "team-tourn"]
[EventRounds "7"]
[EventCountry "BRA"]
[SourceTitle "EXT 2022"]
[Source "ChessBase"]
[SourceDate "2021.10.06"]
[SourceVersion "1"]
[SourceVersionDate "2021.10.06"]
[SourceQuality "1"]
[WhiteTeam "Sao Bernardo do C LX"]
[BlackTeam "Sociedade Hebraica"]
[WhiteTeamCountry "BRA"]
[BlackTeamCountry "BRA"]

1. c4 e5 2. Nc3 f5 3. Nf3 d6 4. d4 e4 5. Ng5 Be7 6. Nh3 Nf6 7. Nf4 c6 8. h4 Na6 9. e3 Nc7 10. Bd2 Ne6 11. Nce2 0-0 12. Nxe6 Bxe6 13. Nf4 Bf7 14. Be2 b6 15. Rc1 c5 16. d5 b5 17. b3 b4 18. g3 a5 19. a4 Nd7 20. Rb1 Bf6 21. Bc1 Bc3+ 22. Kf1 Qf6 23. Qc2 Rab8 24. Bb2 Rb7 25. Kg2 Rfb8 26. Rhc1 Nf8 27. Bxc3 Qxc3 28. Qxc3 bxc3 29. Bd1 Rb4 30. Ra1 Nd7 31. Rxc3 Ne5 32. Ra3 h6 33. h5 Kf8 34. Kh3 Ke7 35. g4 Kf6 36. gxf5 Kxf5 37. Ne2 Nd3 38. Ng3+ Kf6 39. Nxe4+ Ke5 40. Rxd3 Kxe4 41. Rc3 Kf5 42. f4 Re8 43. Kh4 Kf6 44. Bg4 Rb7 45. Kg3 Rbe7 46. Kf2 g5 47. hxg6 Bxg6 48. Ra1 Be4 49. Rg1 Rg7 50. Be6 Rxg1 51. Kxg1 Rb8 52. Kf2 Rb7 53. Bh3 Rg7 54. Bf1 h5 55. Rc1 h4 56. Bh3 Rg3 57. Bf1 Kf5 58. Re1 Kf6 59. Re2 Rf3+ 60. Kg1 Bd3 61. Rf2 Rxe3 62. Bxd3 Rxd3 63. Re2 Kf5 64. Re6 Rxb3 65. Rxd6 Rb4 66. Rh6 Rxc4 67. d6 Rd4 68. Rh5+ Kg4 69. Rxc5 Rxd6 70. Rxa5 Kg3 71. Rg5+ Kxf4 72. Rb5 Rd3 1/2-1/2